Serguéi Eisenstein (Registro nro. 19478)

Detalles MARC
000 -LEADER
campo de control de longitud fija 00904nam a2200265 i 4500
001 - NÚMERO DE CONTROL
campo de control 19478
003 - IDENTIFICADOR DE NÚMERO DE CONTROL
campo de control ES-MaACL
005 - FECHA Y HORA DE LA ÚLTIMA TRANSACCIÓN
campo de control 20250707071753.0
007 - CAMPO FIJO DE DESCRIPCIÓN FÍSICA--INFORMACIÓN GENERAL
campo de control de longitud fija t|
008 - DATOS DE LONGITUD FIJA--INFORMACIÓN GENERAL
campo de control de longitud fija 020903s2001 sp ||||1| spa d
020 ## - NÚMERO INTERNACIONAL ESTÁNDAR DEL LIBRO
Número Internacional Estándar del Libro 84-8428-080-2
080 ## - NÚMERO DE LA CLASIFICACIÓN DECIMAL UNIVERSAL
Número de la Clasificación Decimal Universal 929 Eïzenshtein, Sergueï Mijaïlovich
080 ## - NÚMERO DE LA CLASIFICACIÓN DECIMAL UNIVERSAL
Número de la Clasificación Decimal Universal 791.44 Eïzensheteïn, Sergueï Mijailovich
100 1# - ENTRADA PRINCIPAL--NOMBRE DE PERSONA
Nombre de persona Bergan, Ronald.
9 (RLIN) 27931
245 10 - MENCIÓN DEL TÍTULO
Título Serguéi Eisenstein
Resto del título : una vida en conflicto /
Mención de responsabilidad, etc. Ronald Bergan ; traducción Isabel Ferrer Marrades.
250 ## - MENCION DE EDICION
Mención de edición 1ª ed.
260 ## - PUBLICACIÓN, DISTRIBUCIÓN, ETC.
Lugar de publicación, distribución, etc. Barcelona :
Nombre del editor, distribuidor, etc. Alba,
Fecha de publicación, distribución, etc. 2001.
300 ## - DESCRIPCIÓN FÍSICA
Extensión 403 p., [18] p. de lám. ;
Dimensiones 22 cm.
490 1# - MENCIÓN DE SERIE
Mención de serie A trayectos. Serie Vidas y letras ;
Designación de volumen o secuencia 32
600 14 - PUNTO DE ACCESO ADICIONAL DE MATERIA--NOMBRE DE PERSONA
Nombre de persona Eisenstein, Sergei M. (
Fechas asociadas al nombre 1898-1948)
9 (RLIN) 46864
700 1# - ENTRADA AGREGADA--NOMBRE PERSONAL
Nombre de persona Ferrer Marrades, Isabel.
9 (RLIN) 50485
830 0# - PUNTO DE ACCESO ADICIONAL DE SERIE-TÍTULO UNIFORME
Título uniforme A trayectos
Designación de volumen o secuencia 32
9 (RLIN) 189000
852 ## - LOCALIZACIÓN
Ubicación ES-MaACL
Número de control de estantería L-25912
Sublocalización o colección R.130758
Existencias
Estatus retirado Estado de pérdida Estado de daño No para préstamo Biblioteca de origen Biblioteca actual Ubicación en estantería Fecha de adquisición Fuente de adquisición Total de préstamos Signatura topográfica completa Código de barras Visto por última vez Precio de reemplazo Tipo de ítem Koha
        Biblioteca del Ateneo de Madrid Biblioteca del Ateneo de Madrid Depósito 2 17/01/2008     L-25912 1019928 23/02/2023 23/02/2023 Libro impreso